000 00404nam a2200133Ia 4500
001 3474
008 241024s9999 xx 000 0 und d
082 _aRD/348.086/R426l/24-97 LIBRO NO ESTA
100 _aRepública Dominicana.Secretaría de Estado de la Mujer SEM
245 0 _aLey 2497 sobre violencia intrafamiliar
260 _bSanto Domingo
_c2004
901 _a20/11/2013 8:46:39 a.m.
999 _c9520
_d9520